000 00594nam a2200193Ia 4500
003 IN-BaIIA
008 211028s9999 xx 000 0 eng d
020 _a3-9805176-0-8
040 _cIIA Library
080 _a52(048.1)
_bREV-10
245 0 _aReviews in modern astronomy
_bgravitation; 10
_cedited by R. E. Schielicke
260 _aHamburg
_bAstronomische Gesellschaft
_c1997
300 _a353p.
650 _aBlack holes
_97728
650 _aGamma ray bursts
_910403
650 _aGravitation
700 _aSchielicke,R E ed.
_923236
942 _cBK
999 _c13199
_d13199